| 000 | 00702nam a22002057a 4500 | ||
|---|---|---|---|
| 999 |
_c15233 _d15233 |
||
| 003 | OSt | ||
| 082 | _2631.587 AJI/RA | ||
| 088 | _aP 95 | ||
| 100 |
_aAJI R _94014 |
||
| 245 | _aRainfall - runoff modelling in the Bharathapuzha river basin | ||
| 260 |
_aTavanur 1999 _bDepartment of Irrigation and Drainage Engineering |
||
| 300 | _a45 | ||
| 500 | _aRainfall - runoff modelling in the Bharathapuzha river basin | ||
| 520 | _aRainfall - runoff modelling in the Bharathapuzha river basin | ||
| 700 |
_aJayakrishnan B. V _94015 |
||
| 700 |
_aNajash Babu K _94016 |
||
| 700 |
_aEr. Vishnu B (Guide) _93355 |
||
| 856 | _uhttps://drive.google.com/open?id=1DVCmEcI9VEgPvQfXPDfwhuPzX5i-AlQm | ||
| 942 | _cPR | ||